000 00373nam a2200145Ia 4500
008 231217s9999 xx 000 0 und d
041 _aEnglish
082 _a621.3192 CUN;3
100 _aCunningham, David R Stuller, John A
245 0 _aBasic circuit analysis
260 _c2005
_bJaico,
_aMumbai
300 _axxvii+I-6
650 _aCircuits,electric
942 _cAA
999 _c173832
_d173832